Con lo ojos abiertos: el nuevo cine chileno y el movimiento del nuevo cine latinoamericano

Gardado en:
Detalles Bibliográficos
Autor Principal: Trabucco Ponce, Sergio (Author)
Formato: Libro
Idioma:Lingua castelá
Publicado: Santiago Lom 2014
Edición:1a. ed
Series:Memorias
Subjects:
Tags: Engadir etiqueta
Sen Etiquetas, Sexa o primeiro en etiquetar este rexistro!

MARC

LEADER 00000cam a2200000 a 4500
001 UCE5494
003 CL-VaPUC
008 150115e20140000cl |||||||||||||||||spa|d
020 |a 9789560005625 
082 0 4 |a 791.430983  |b TRA  |2 21 
100 0 |a Trabucco Ponce, Sergio  |e author  |9 578176 
245 1 0 |a Con lo ojos abiertos: el nuevo cine chileno y el movimiento del nuevo cine latinoamericano 
250 |a 1a. ed 
300 |a 643 p 
942 |c BK 
945 |d 20150115 11:28:00  |a arojas 
260 |a Santiago  |b Lom  |c 2014 
650 0 |a Cine chileno  |9 265165 
650 0 |a Industria cinematográfica  |9 266081 
583 |a last modification  |c 20150115 11:28:00  |k Rodrigo Vera 
490 0 |a Memorias 
999 |c 358209  |d 358207 
952 |0 0  |1 0  |3 erb  |4 0  |6 791_430983000000000_TRA_2014  |7 0  |8 A  |9 466772  |a BIBART  |b BIBART  |i 5134730  |o 791.430983 TRA 2014  |p 5134730  |r 2025-03-13  |w 2019-11-23  |y BK  |z Catalogado en:20150115  |k ART